Normal view
MARC view
- Bashir, Mudassar
Entry Personal Name
001 - CONTROL NUMBER
- control field: 15560
003 - CONTROL NUMBER IDENTIFIER
- control field: NUST
005 - DATE AND TIME OF LATEST TRANSACTION
- control field: 20190625110714.0
008 - FIXED-LENGTH DATA ELEMENTS
- fixed length control field: 190625|| aca||aabn | a|a d
040 ## - CATALOGING SOURCE
- Original cataloging agency: NUST
- Transcribing agency: NUST
100 ## - HEADING--PERSONAL NAME
- Personal name: Bashir, Mudassar
670 ## - SOURCE DATA FOUND
- Source citation: Work cat.: (NUST): Bashir, Mudassar, Baba ji,Chacha ji te Mein /, 2014.
